000 00759nam a22002177a 4500
003 UA-OsUOA
001 106998
007 ta
008 20140701b un ||||| |||| 00| 0 ukr d
100 _aТроханяк О.
090 _a94(477)
_bТ76
942 _cSA
040 _aUA-OsUOA
_bukr
_cUA-OsUOA
_dUA-OsUOA
245 _aВажке становище західних українців під польською окупацією у другій поовині 1919-1920 рр. ( на прикладі Бережанщини)
300 _aС.33-39
955 _a0
041 _aukr
080 _a94(477)
773 0 _w106997
_tМандрівець
_dТернопіль
_d2014
_g2
650 7 _a9 Географія. Біографії. Історія
_2UDC
999 _c392846
_d392846